|
|
|
|
| LEADER |
00000cam a22000004a 4500 |
| 001 |
musev2_107439 |
| 003 |
MdBmJHUP |
| 005 |
20230905054205.0 |
| 006 |
m o d |
| 007 |
cr||||||||nn|n |
| 008 |
100317s1978 onc o 00 0 eng d |
| 020 |
|
|
|a 9781442652903
|
| 020 |
|
|
|z 9781442639249
|
| 020 |
|
|
|z 9781442654815
|
| 035 |
|
|
|a (OCoLC)1379421850
|
| 040 |
|
|
|a MdBmJHUP
|c MdBmJHUP
|
| 100 |
1 |
|
|a Clarkson, Stephen,
|e author.
|
| 245 |
1 |
4 |
|a The Soviet Theory of Development :
|b India and the Third World in Marxist-Leninist Scholarship /
|c Stephen Clarkson.
|
| 264 |
|
1 |
|a Buffalo :
|b University of Toronto Press,
|c 1978.
|
| 264 |
|
3 |
|a Baltimore, Md. :
|b Project MUSE,
|c 2023
|
| 264 |
|
4 |
|c ©1978.
|
| 300 |
|
|
|a 1 online resource (336 pages).
|
| 336 |
|
|
|a text
|b txt
|2 rdacontent
|
| 337 |
|
|
|a computer
|b c
|2 rdamedia
|
| 338 |
|
|
|a online resource
|b cr
|2 rdacarrier
|
| 505 |
0 |
|
|a Introduction -- State capitalism -- Foreign aid and trade -- Agriculture -- Conclusion.
|
| 588 |
|
|
|a Description based on print version record.
|
| 650 |
|
7 |
|a Marxian economics.
|2 fast
|0 (OCoLC)fst01010951
|
| 650 |
|
7 |
|a Economic policy.
|2 fast
|0 (OCoLC)fst00902025
|
| 650 |
|
7 |
|a BUSINESS & ECONOMICS
|x Industries
|x General.
|2 bisacsh
|
| 650 |
|
6 |
|a Économie marxiste.
|
| 650 |
|
0 |
|a Marxian economics.
|
| 651 |
|
7 |
|a India.
|2 fast
|0 (OCoLC)fst01210276
|
| 651 |
|
7 |
|a Developing countries.
|2 fast
|0 (OCoLC)fst01242969
|
| 651 |
|
6 |
|a Inde
|x Politique economique.
|
| 651 |
|
6 |
|a Pays en voie de developpement
|x Politique economique.
|
| 651 |
|
0 |
|a Developing countries
|x Economic policy.
|
| 651 |
|
0 |
|a India
|x Economic policy.
|
| 655 |
|
7 |
|a Electronic books.
|2 local
|
| 710 |
2 |
|
|a Project Muse.
|e distributor
|
| 830 |
|
0 |
|a Book collections on Project MUSE.
|
| 856 |
4 |
0 |
|z Texto completo
|u https://projectmuse.uam.elogim.com/book/107439/
|
| 945 |
|
|
|a Project MUSE - Custom Collection
|